Dans quel arc de One Piece apparaît ce lieu? - Statistiques

Statistiques générales
  • Ce quiz a été pris 84 fois
  • Le résultat moyen est 9 sur 15
Statistiques - réponses
Lieu Arc de première apparition % Correct
Triangle de Florian Thriller Bark
83%
Ohara Enies Lobby
82%
Royaume de Flevance Dressrosa
77%
Upper Yard Skypiea
73%
Village de Kokoyashi Arlong Park
71%
Royaume de Sorbet Egghead
68%
Elbaf Whole Cake
65%
Shells Town Romance Dawn
55%
Cap des Jumeaux Reverse Mountain
53%
God Valley Wano Kuni
52%
Mont Corvo Post-Marineford
50%
Kedétrav Amazon Lily
48%
Marie Geoise Drum
38%
Laugh Tale Whiskey Peak
35%
Baltigo Post-EniesLobby
26%
Aucun quiz correspondant
Distribution des résultats
% des personnes avec chaque résultat
Percentile par nombre de réponses
Votre historique - résultats
Vous n’avez pas pris ce quiz